Statistics for Movies By 1 Actor and 1 Actress Part 19

Click here to take the quiz!

General Stats

  • This quiz has been taken 13 times
  • The average score is 9 of 26

Answer Stats

CastMovie% Correct
Sean Connery, Ursula AndressDr. No
100%
James Stewart, Kim NovakVertigo
64%
Mark Wahlberg, Helena Bonham CarterPlanet of the Apes
45%
John Wayne, Kim DarbyTrue Grit
45%
Gal Gadot, Pedro PascalWonder Woman 1984
45%
John Belushi, Nancy Allen1941
36%
Charlie Sheen, Linda FiorentinoBeyond the Law
36%
Kirsten Dunst, Jesse BradfordBring It On
36%
Leonardo DiCaprio, Jennifer LawrenceDon't Look Up
36%
Anya Taylor-Joy, Toby JonesMorgan
36%
Daniel Kaluuya, Keke PalmerNope
36%
Jake Gyllenhaal, Laura DernOctober Sky
36%
Christian Bale, Zoe SaldanaOut of the Furnace
36%
Robert Pattinson, Emilie de RavinRemember Me
36%
Robert De Niro, Uma ThurmanThe War with Grandpa
36%
Adam Sandler, Teresa PalmerBedtime Stories
27%
Clint Eastwood, Mae MercerDirty Harry
27%
Jack Nicholson, Natalija NogulichHoffa
27%
Arnold Schwarzenegger, Emily BluntTerminator: Genisys
27%
Jessica Chastain, Eddie RedmayneThe Good Nurse
27%
Timothee Chalamet, Lily-Rose DeppThe King
27%
Martin Short, Patricia MartinezThree Amigos
27%
Tom Hardy, Naomie HarrisVenom: Let There Be Carnage
27%
Dave Bautista, Nikki Amuka-BirdKnock at the Cabin
18%
Robert Redford, Julie ChristieThe Company You Keep
18%
Robert Duvall, Maggie McOmieTHX 1138
18%

Score Distribution

Percentile by Number Answered

Percent of People with Each Score

Your Score History

You have not taken this quiz